Voľnosť vašim myšlienkam

Definícia kreatívneho média. Kreativita médií ako základná forma reklamnej stratégie.

Salvato in:
Dettagli Bibliografici
Natura: Capitolo di libro
Lingua:slovacco
Soggetti:
Tags: Aggiungi Tag
Nessun Tag, puoi essere il primo ad aggiungerne!!

MARC

LEADER 00000naa$a2200000$$$4500
001 0002237
005 20231003080305.9
041 0 |a slo 
044 |a SK 
245 1 0 |a Voľnosť vašim myšlienkam 
520 |a Definícia kreatívneho média. Kreativita médií ako základná forma reklamnej stratégie. 
610 2 0 |a stratégia marketingová 
610 2 0 |a reklama 
610 2 0 |a médiá 
610 2 0 |a kreativita